Представление документа в формате RUSMARC

ПолеНазваниеЗначение
  Тип записи a
  Библиографический уровень c
001 Контрольный номер RU/SLIB/B/208770067
005 Дата корректировки 20240205121958.4
010 Индекс ISBN __
d Цена 2-10
100 Данные общей обработки __
a Данные общей обработки 20240205d1981 m y0rusy028902 ca
101 Язык документа 0_
a Язык текста rus
102 Страна публикации __
a Страна публикации RU
105 Кодированные данные (монография) __
a Кодированные данные (монография) y z 000ay
181 Поле кодированных данных: вид содержания _0
a Код вида содержания (ISBD) i
182 Поле кодированных данных: тип средства _0
a Код типа средства (ISBD) n
200 Заглавие и сведения об ответственности 1_
a Заглавие Избранное
f Первые сведения об ответственности Н. П. Вагнер
b Общее обозначение материала Текст
i Наименование части Смерть не суждена мне
i Наименование части Русское море
i Наименование части Самоотверженные сердца
h Номер части Т. 2
e Сведения, относящиеся к заглавию в 2-х т.
210 Выходные данные 1_
a Место издания Л.
c Издательство Худож. лит.
d Дата издания 1981
215 Физическое описание __
a Объем 568 с.
330 Аннотация __
a Аннотация Во второй том включены роман "Смерть не суждена мне" и сборник рассказов "Яры красные".
606 Тематические рубрики __
a Основная рубрика Художественная литература
z Хронологическая подрубрика 20 в.
y Географическая подрубрика Россия
2 Код системы nlr_sh
606 Тематические рубрики __
a Основная рубрика Русская литература XX в. (произведения)
2 Код системы nlr_sh
610 Ключевые слова 0_
a Ключевые слова романы; прозаики; писатели
686 Индексы других классификаций __
a Классификационный индекс 84(2Рос=Рус)6-4
2 Код системы rubbks
700 Автор _1
a Фамилия Вагнер
b Имя Н. П.
4 Код отношения 070
f Даты 1898-1988
g Полное личное имя Николай Петрович
801 Источник записи _0
a Страна RU
b Организация Муниципальное бюджетное учреждение культуры "Централизованная библиотечная система" г. Сургут (Центральная городская библиотека им. А. С. Пушкина)
g Правила каталогизации PSBO
801 Источник записи _1
a Страна RU
b Организация Муниципальное бюджетное учреждение культуры "Централизованная библиотечная система" г. Сургут (Центральная городская библиотека им. А. С. Пушкина)
g Правила каталогизации PSBO
852 Данные о местонахождении __
j Шифр хранения 84(2Рос=Рус)6-4
i Авторский знак В 12
p Инвентарный номер 11261
901 Тип документа __
t Тип документа x
a Ответственный КиК/Михайлова
901 Тип документа __
a Ответственный СКБР2024
903 Характеристики (МАРС) __
c Наименование библиотеки (МАРС) Муниципальное бюджетное учреждение культуры "Централизованная библиотечная система" г. Сургут (Центральная городская библиотека им. А. С. Пушкина)
969 Тип издания __
a Тип издания сборник
990 Данные о заказе (DOS) __
j Количество экземпляров (DOS) 1